| Tag |
First Indicator |
Second Indicator |
Subfields |
| LEADER |
00000cam a2200000 a 4500 |
| 001 |
in00000014689 |
| 005 |
20151007052849.0 |
| 008 |
870917s1987 caua s00010 eng |
| 010 |
|
|
|a 87071979
|
| 020 |
|
|
|c $18.00 (pbk.)
|
| 035 |
|
|
|a (OCoLC)17442881
|
| 035 |
|
|
|9 AAA9484AM
|
| 040 |
|
|
|a DLC
|c DLC
|d TXA
|d UtOrBLW
|
| 043 |
|
|
|a n-us---
|
| 049 |
|
|
|a TXAM
|c [A11057229]
|
| 050 |
0 |
0 |
|a LB1590.3
|b .P38 1987
|
| 082 |
0 |
|
|a 372.13
|2 19
|
| 100 |
1 |
|
|a Paul, Richard.
|
| 245 |
1 |
0 |
|a Critical thinking handbook :
|b K-3, a guide for remodelling lesson plans in language arts, social studies & science /
|c by Richard Paul, A.J.A. Binker, and Marla Charbonneau.
|
| 264 |
|
1 |
|a Rohnert Park, CA :
|b Center for Critical Thinking and Moral Critique, Sonoma State University,
|c [1987]
|
| 264 |
|
4 |
|c ©1987
|
| 300 |
|
|
|a viii, 218 pages :
|b illustrations ;
|c 28 cm.
|
| 336 |
|
|
|a text
|b txt
|2 rdacontent
|
| 337 |
|
|
|a unmediated
|b n
|2 rdamedia
|
| 338 |
|
|
|a volume
|b nc
|2 rdacarrier
|
| 650 |
|
0 |
|a Critical thinking
|x Study and teaching (Primary)
|z United States.
|
| 650 |
|
0 |
|a Lesson planning
|z United States.
|
| 650 |
|
0 |
|a Language arts (Primary)
|z United States.
|
| 650 |
|
0 |
|a Social sciences
|x Study and teaching (Primary)
|z United States.
|
| 650 |
|
0 |
|a Science
|x Study and teaching (Primary)
|z United States.
|
| 700 |
1 |
|
|a Binker, A. J. A.
|
| 700 |
1 |
|
|a Charbonneau, Marla.
|
| 710 |
2 |
|
|a Sonoma State University.
|b Center for Critical Thinking and Moral Critique.
|
| 999 |
|
|
|a MARS
|
| 999 |
f |
f |
|s 2da7ddb6-18a5-363c-a4af-46596d64c519
|i 1a70d68d-84e0-3726-8954-a7308bb4dc57
|t 0
|
| 952 |
f |
f |
|p normal
|a Texas A&M University
|b College Station
|c Sterling C. Evans Library
|d Evans: Library Stacks
|t 0
|e LB1590.3 .P38 1987
|h Library of Congress classification
|i unmediated -- volume
|m A14811057229
|
| 998 |
f |
f |
|a LB1590.3 .P38 1987
|t 0
|l Evans: Library Stacks
|